00731nac a22001931u 4500020001500000082001700015090001500032100003400047245004800081260005500129300002000184440006900204504006300273650002100336650003300357942001900390999001500409952011300424 a0521576857 a306.44bA266 c2010d2010 a AGHA, ASIF  aLanguage and social relations /cAsif Agha aCambridge:bCambridge University Press,2007.c2007 a427 p.;c24 cm. aStudies in the Social and Cultural Foundations of Languagevv.24 aIncludes bibliographical references (p. 408-418) and index aSociolinguistics a Interpersonal communication cBBk306.44A266 c2010d2010 00104070aMAINbMAINc1STd2007-04-12ePurchasel0o306.44 AGHp000002301r2025-07-15 00:00:00v209.00yBB